000 00549nam a2200229Ia 4500
003 OSt
005 20221005133522.0
006 a|||||r|||| 00| 0
007 ta
008 221004b |||||||| |||| 00| 0 tam d
024 _a52475
037 _cTextual
040 _aCRL
_cCRL
_btam
041 _2tam
_atam
082 _aV438.N5, 31H6
100 _aThamizhan
_9642551
245 0 _aYuddha kal burma
260 _c1946
650 _aHISTORY
942 _hV438.N5, 31H6
_cTEXL
_2cc
999 _c1067071
_d1067071